[Event "C.to Mondiale U16"]
[Site "Vung Tau VIE"]
[Date "2008.10.26"]
[Round "7"]
[White "Csirik, Andras"]
[Black "Forato, Enrico"]
[Result "1-0"]
[WhiteElo "2324"]
[BlackElo "2109"]
[PlyCount "63"]
[EventDate "2008.10.20"]

1. e4 c5 2. Nf3 d6 3. d4 cxd4 4. Nxd4 Nf6 5. Nc3 a6 6. h3 e6 7. g4 h6 8. Bg2
Qc7 9. a4 Nc6 10. Nde2 Be7 11. O-O O-O 12. Ng3 Rb8 13. f4 b5 14. axb5 axb5 15.
g5 hxg5 16. fxg5 Nd7 17. Qh5 g6 18. Qh6 Nde5 19. Rf4 f6 20. Rh4 Kf7 21. gxf6
Bxf6 22. Qh7+ Bg7 23. Bh6 Ke8 24. Bxg7 Nf3+ 25. Bxf3 Rxf3 26. Qxg6+ Kd7 27. Kg2
Ne7 28. Qh5 Rxg3+ 29. Kxg3 d5+ 30. Qe5 dxe4 31. Qxc7+ Kxc7 32. Rf4 1-0

[Event "C.to Mondiale U16"]
[Site "Vung Tau VIE"]
[Date "2008.10.27"]
[Round "8"]
[White "Dubessay, Bastien"]
[Black "Forato, Enrico"]
[Result "0-1"]
[WhiteElo "2147"]
[BlackElo "2109"]
[PlyCount "72"]
[EventDate "2008.10.20"]

1. d4 Nf6 2. c4 c5 3. d5 e6 4. Nc3 exd5 5. cxd5 d6 6. Nf3 g6 7. Bf4 a6 8. a4
Bg7 9. e4 O-O 10. Be2 Re8 11. Nd2 Qc7 12. O-O Nbd7 13. a5 Ne5 14. Qc2 Nfd7 15.
Be3 Nf6 16. h3 b5 17. axb6 Qxb6 18. f4 Ned7 19. Nc4 Qc7 20. e5 dxe5 21. d6 Qd8
22. Bf3 Rb8 23. Ra2 exf4 24. Bxf4 Rb4 25. Na4 Bb7 26. Bd2 Bxf3 27. Rxf3 Rxc4
28. Qxc4 Ne5 29. Qxa6 Ne4 30. Rd3 Nxd2 31. Rxd2 Nf3+ 32. gxf3 Qg5+ 33. Rg2 Re1+
34. Kf2 Qe3+ 35. Kg3 Be5+ 36. Kh4 Qh6+ 0-1

[Event "C.to Mondiale U16"]
[Site "Vung Tau VIE"]
[Date "2008.10.28"]
[Round "9"]
[White "Forato, Enrico"]
[Black "Raznikov, Danny"]
[Result "0-1"]
[WhiteElo "2109"]
[BlackElo "2251"]
[PlyCount "92"]
[EventDate "2008.10.20"]

1. g3 Nf6 2. Bg2 c5 3. d4 cxd4 4. Qxd4 Nc6 5. Qa4 g6 6. Nf3 Bg7 7. O-O O-O 8.
Nbd2 d6 9. c3 Bg4 10. h3 Bd7 11. Qh4 Qa5 12. Nb3 Qh5 13. Qxh5 Nxh5 14. Nfd4
Rfc8 15. Be3 a6 16. a4 Rab8 17. Rfc1 Ne5 18. Nd2 Nc6 19. N2b3 e5 20. Nxc6 bxc6
21. Nd2 d5 22. g4 Nf6 23. b4 Be6 24. Rab1 h5 25. g5 Nd7 26. Nb3 Bf5 27. Rb2 Bf8
28. Na5 Be7 29. c4 Rxb4 30. Ra2 d4 31. Bd2 Rb6 32. e4 Be6 33. c5 Nxc5 34. Rac2
Nd3 35. Nxc6 Rbxc6 36. Rxc6 Nxc1 37. Rxc8+ Bxc8 38. Bxc1 Bb4 39. Bf1 Kf8 40.
Bc4 a5 41. h4 Bg4 42. f4 Bd1 43. fxe5 Bxa4 44. Kf2 Bc2 45. Bd5 a4 46. Bb2 d3
0-1

[Event "C.to Mondiale U16"]
[Site "Vung Tau VIE"]
[Date "2008.10.29"]
[Round "10"]
[White "Forato, Enrico"]
[Black "Rojas Alarcon, Julian Antonio"]
[Result "0-1"]
[WhiteElo "2109"]
[BlackElo "2187"]
[PlyCount "94"]
[EventDate "2008.10.20"]

1. e4 c5 2. Nf3 d6 3. d4 cxd4 4. Nxd4 Nf6 5. Nc3 g6 6. Be2 Bg7 7. O-O O-O 8.
Be3 Nc6 9. Nb3 a6 10. f4 b5 11. Bf3 Bb7 12. Nd5 Nd7 13. Nd4 Na5 14. c3 Nc4 15.
Bc1 e6 16. Ne3 Rc8 17. Nxc4 bxc4 18. Qe2 e5 19. Nc2 a5 20. Rd1 Qc7 21. Qd2 Qb6+
22. Kh1 Nc5 23. Qxd6 Rc6 24. Qd5 Nd3 25. Rxd3 cxd3 26. Qxd3 Ba6 27. Qe3 exf4
28. Qxf4 Qf2 29. Bd2 Qb6 30. Bc1 Rd8 31. Ne3 Qb5 32. c4 Qb4 33. Qg3 Bxc4 34.
Nd5 Bxd5 35. exd5 Rc2 36. Bg5 Rxb2 37. Rd1 f6 38. Bc1 Rb1 39. d6 Qc5 40. Qf4 f5
41. d7 Bd4 42. Ba3 Rxd1+ 43. Bxd1 Qc3 44. Bb3+ Kg7 45. h4 Qe1+ 46. Kh2 Be5 47.
Bb2 Bxb2 0-1

[Event "C.to Mondiale U16"]
[Site "Vung Tau VIE"]
[Date "2008.10.30"]
[Round "11"]
[White "Kobayashi, Atsuhiko"]
[Black "Forato, Enrico"]
[Result "1-0"]
[WhiteElo "1922"]
[BlackElo "2109"]
[PlyCount "75"]
[EventDate "2008.10.20"]

1. e4 c5 2. Nf3 d6 3. d4 cxd4 4. Nxd4 Nf6 5. Nc3 a6 6. Be2 e6 7. O-O Be7 8. Be3
Qc7 9. a4 Nc6 10. f4 O-O 11. Kh1 b6 12. Bf3 Bb7 13. Qe1 Nb4 14. Qf2 Rab8 15.
Rad1 Rfd8 16. Nxe6 fxe6 17. Bxb6 Qc4 18. Rd4 Qc8 19. Bxd8 Qxd8 20. Rxb4 d5 21.
Rb3 dxe4 22. Be2 Ba8 23. Bxa6 Rxb3 24. cxb3 Qd6 25. Qe2 h5 26. Bc4 h4 27. h3 g6
28. Qd1 Qc6 29. Be2 Nd5 30. Qd4 Nf6 31. b4 Ne8 32. b5 Qb7 33. a5 Nd6 34. a6 Qc8
35. Bg4 Nf5 36. Bxf5 gxf5 37. Rd1 Kf7 38. Qa7 1-0

[Event "C.to Mondiale U16 femminile"]
[Site "Vung Tau VIE"]
[Date "2008.10.22"]
[Round "3"]
[White "Palmitessa, Chiara"]
[Black "Abylkassymova, Raushan"]
[Result "1/2-1/2"]
[WhiteElo "1772"]
[BlackElo "1834"]
[PlyCount "125"]
[EventDate "2008.10.20"]

1. e4 c5 2. Nf3 Nc6 3. d4 cxd4 4. Nxd4 Nf6 5. Nc3 d6 6. f3 e6 7. Be3 Be7 8. Qd2
a6 9. g4 Nxd4 10. Qxd4 O-O 11. O-O-O b5 12. Kb1 Bd7 13. h4 Rb8 14. h5 b4 15.
Ne2 e5 16. Qd2 a5 17. g5 Ne8 18. g6 a4 19. Bh3 b3 20. cxb3 axb3 21. a3 Rc8 22.
Rc1 Bxh3 23. Rxh3 Qd7 24. Rg3 Nf6 25. gxh7+ Kxh7 26. Nc3 Rcd8 27. Qg2 Rg8 28.
Rg1 Bf8 29. Bg5 Be7 30. Bxf6 Bxf6 31. Nd5 Qe6 32. Nxf6+ Qxf6 33. Qd2 Qh6 34.
Qxh6+ Kxh6 35. Rd1 Rd7 36. Rg2 Rc8 37. Rd3 Rb8 38. Rgd2 Rb6 39. Rh2 f6 40. Kc1
Rc7+ 41. Rc3 Rbc6 42. Rxc6 Rxc6+ 43. Kd1 Rc7 44. Rd2 Rc6 45. Rd3 Rb6 46. Rc3
Kxh5 47. Rc4 g5 48. Rb4 Rc6 49. Rxb3 g4 50. fxg4+ Kxg4 51. Kd2 Kf4 52. Kd3 f5
53. exf5 Kxf5 54. a4 d5 55. a5 Ke6 56. Ra3 Ra6 57. b4 Kd6 58. Rc3 Ra8 59. Rc1
Rb8 60. Rb1 Kc6 61. Rc1+ Kd6 62. Rb1 Kc6 63. Rc1+ 1/2-1/2

[Event "C.to Mondiale U16 femminile"]
[Site "Vung Tau VIE"]
[Date "2008.10.24"]
[Round "6"]
[White "Tjolsen, Katrine"]
[Black "Palmitessa, Chiara"]
[Result "1/2-1/2"]
[WhiteElo "2110"]
[BlackElo "1772"]
[PlyCount "115"]
[EventDate "2008.10.20"]

1. Nf3 d5 2. d4 Nf6 3. c4 e6 4. Nc3 Nbd7 5. Bg5 Be7 6. e3 O-O 7. Rc1 dxc4 8.
Bxc4 a6 9. a4 c5 10. O-O cxd4 11. exd4 Nb6 12. Ba2 Bd7 13. Bb1 Bc6 14. Ne5 Rc8
15. Re1 Nfd5 16. Qd3 g6 17. Bh6 Bg5 18. Bxg5 Qxg5 19. Ne4 Qe7 20. b3 Nb4 21.
Qd2 Bxe4 22. Bxe4 N6d5 23. a5 Qd6 24. Nc4 Qd7 25. Qg5 Qd8 26. Qd2 Qd7 27. h4 h5
28. g3 Qe7 29. Kg2 Rfd8 30. Red1 Kg7 31. Bf3 Rc7 32. Qe2 Rcd7 33. Ne5 Rd6 34.
Rc4 Kf8 35. Rdc1 Kg7 36. Qd2 f6 37. Bxd5 Nxd5 38. Nd3 R6d7 39. Re1 Rc7 40. Qe2
Kf7 41. Qf3 Rdc8 42. Nc5 Rxc5 43. dxc5 Rxc5 44. Rce4 Rc6 45. Rd4 Rd6 46. Red1
Qc7 47. Qd3 Qxa5 48. Qd2 Qxd2 49. R1xd2 Ke7 50. Kf3 Rc6 51. Rc4 Rxc4 52. bxc4
Nb6 53. c5 Nd7 54. Rc2 Kd8 55. Ke4 Kc7 56. Kd4 Kc6 57. f4 Nb8 58. Rc1 1/2-1/2

[Event "C.to Mondiale U16 femminile"]
[Site "Vung Tau VIE"]
[Date "2008.10.26"]
[Round "7"]
[White "De La Parra Hurtado, Daniela"]
[Black "Palmitessa, Chiara"]
[Result "1/2-1/2"]
[WhiteElo "1847"]
[BlackElo "1772"]
[PlyCount "77"]
[EventDate "2008.10.20"]

1. d4 d5 2. c4 e6 3. Nc3 Nf6 4. Bg5 Nbd7 5. Nf3 Be7 6. e3 O-O 7. Bd3 dxc4 8.
Bxc4 a6 9. a4 c5 10. O-O cxd4 11. Nxd4 Qa5 12. Bh4 Ne5 13. Be2 Ng6 14. Bg3 Rd8
15. Qc2 e5 16. Nf5 Bb4 17. Ne4 Nxe4 18. Qxe4 Be6 19. Bc4 Bxc4 20. Qxc4 Rd2 21.
b3 Rad8 22. h4 h5 23. Rfc1 Ba3 24. Rxa3 Rd1+ 25. Kh2 Qe1 26. Rxd1 Rxd1 27. Kh3
Rd2 28. Bxe5 Nxe5 29. Qc8+ Kh7 30. Qf8 Kg6 31. Ne7+ Kf6 32. Ng8+ Kg6 33. Ne7+
Kf6 34. Ng8+ Ke6 35. Qe7+ Kf5 36. Qg5+ Ke6 37. Qe7+ Kf5 38. Qg5+ Ke6 39. Qe7+
1/2-1/2

[Event "C.to Mondiale U16 femminile"]
[Site "Vung Tau VIE"]
[Date "2008.10.27"]
[Round "8"]
[White "Palmitessa, Chiara"]
[Black "Hattingh, Angelique"]
[Result "0-1"]
[WhiteElo "1772"]
[BlackElo "1822"]
[PlyCount "60"]
[EventDate "2008.10.20"]

1. e4 c5 2. Nf3 e6 3. d4 cxd4 4. Nxd4 Qb6 5. Nb3 Qc7 6. Bd3 Nf6 7. f4 d6 8. Be3
a6 9. N1d2 b5 10. g4 Bb7 11. Qe2 Be7 12. O-O-O Nfd7 13. g5 Nc5 14. Kb1 Nbd7 15.
h4 O-O 16. Rhg1 f6 17. Rg3 f5 18. exf5 exf5 19. Bxc5 Nxc5 20. Nxc5 dxc5 21.
Qe6+ Kh8 22. Re3 Bd6 23. Bxf5 Bc8 24. Qd5 Bxf5 25. Rde1 Rad8 26. Nb3 Bxf4 27.
Qxd8 Qxd8 28. Rf3 Bd6 29. Ref1 Bg4 30. Rxf8+ Bxf8 0-1

[Event "C.to Mondiale U18"]
[Site "Vung Tau VIE"]
[Date "2008.10.21"]
[Round "2"]
[White "Bonafede, Alessandro"]
[Black "Toufighi, Homayoon"]
[Result "1/2-1/2"]
[WhiteElo "2327"]
[BlackElo "2470"]
[PlyCount "96"]
[EventDate "2008.10.20"]

1. e4 e6 2. d3 d5 3. Nd2 Nf6 4. Ngf3 b6 5. c3 Bb7 6. e5 Nfd7 7. g3 c5 8. Bg2
Nc6 9. Qa4 Qc7 10. O-O Ncxe5 11. Nxe5 Qxe5 12. c4 Be7 13. cxd5 Bxd5 14. Nc4 Qc7
15. Bxd5 exd5 16. Bf4 Qb7 17. Rfe1 dxc4 18. Bd6 O-O 19. Bxe7 b5 20. Qd1 Rfe8
21. dxc4 Nb6 22. Bxc5 Nxc4 23. Bd4 Rxe1+ 24. Qxe1 Qd5 25. Bc3 b4 26. Rd1 Qb5
27. Qe7 h6 28. Qxb4 Qxb4 29. Bxb4 Nxb2 30. Rd5 Rc8 31. Bc5 Rc7 32. Kg2 Nc4 33.
Bd4 a6 34. Rc5 Rxc5 35. Bxc5 f5 36. Kf3 Kf7 37. Ke2 g5 38. h3 Ke6 39. Bd4 h5
40. f3 g4 41. fxg4 fxg4 42. hxg4 hxg4 43. Kd3 Kd5 44. Bc3 Nd6 45. Ke3 Ne4 46.
Bb2 Nxg3 47. Kf4 Nf1 48. Kxg4 Ke4 1/2-1/2

[Event "C.to Mondiale U18"]
[Site "Vung Tau VIE"]
[Date "2008.10.22"]
[Round "3"]
[White "Ter-Sahakyan, Samvel"]
[Black "Bonafede, Alessandro"]
[Result "1-0"]
[WhiteElo "2495"]
[BlackElo "2327"]
[PlyCount "101"]
[EventDate "2008.10.20"]

1. e4 c5 2. Nf3 Nc6 3. d4 cxd4 4. Nxd4 Nf6 5. Nc3 e5 6. Ndb5 d6 7. Bg5 a6 8.
Na3 b5 9. Nd5 Be7 10. Bxf6 Bxf6 11. c4 b4 12. Nc2 a5 13. h4 O-O 14. g3 Rb8 15.
b3 Be6 16. Bh3 Be7 17. Kf1 Qd7 18. Kg2 Bd8 19. Qd3 Ne7 20. Nce3 Bxd5 21. Nxd5
Bb6 22. h5 Bd4 23. h6 Bxa1 24. hxg7 Kxg7 25. Bf5 Nxf5 26. exf5 f6 27. Rxa1 a4
28. Rh1 axb3 29. axb3 Ra8 30. Qf3 Ra3 31. Nxb4 Kh8 32. Nd5 Qb7 33. Rb1 Rb8 34.
Qh5 Qg7 35. b4 Kg8 36. Qh4 Kf7 37. b5 h6 38. Qh5+ Kf8 39. Rh1 Rd3 40. Qxh6 Rxb5
41. cxb5 Rxd5 42. Qxg7+ Kxg7 43. Rb1 Rc5 44. b6 Rc8 45. b7 Rb8 46. Kf3 d5 47.
Ke3 Kh6 48. f4 Kh5 49. fxe5 fxe5 50. g4+ Kg5 51. Rb6 1-0

[Event "C.to Mondiale U18"]
[Site "Vung Tau VIE"]
[Date "2008.10.22"]
[Round "4"]
[White "Bonafede, Alessandro"]
[Black "Mitrovic, Boris"]
[Result "0-1"]
[WhiteElo "2327"]
[BlackElo "2146"]
[PlyCount "72"]
[EventDate "2008.10.20"]

1. e4 c5 2. Nf3 d6 3. d4 cxd4 4. Nxd4 Nf6 5. Nc3 a6 6. Bg5 e6 7. f4 Qb6 8. Qd2
Qxb2 9. Nb3 Nc6 10. Bxf6 gxf6 11. Be2 h5 12. O-O Qa3 13. Kh1 Be7 14. Rae1 Bd7
15. Qe3 O-O-O 16. Nd5 exd5 17. exd5 Rde8 18. dxc6 Bxc6 19. Bf3 Bxf3 20. Qxf3
Bd8 21. Qh3+ Kb8 22. Rxe8 Rxe8 23. Qd7 Rh8 24. Nd4 Qxa2 25. Qxd6+ Bc7 26. Qxf6
Rd8 27. h3 Qd5 28. c3 Rg8 29. Rf2 Rg3 30. Nf3 Qc4 31. Ne5 Qxc3 32. Kh2 Re3 33.
Nd7+ Ka7 34. Qf5 Qd4 35. Nf6 Re1 36. Rc2 Bxf4+ 0-1

[Event "C.to Mondiale U18"]
[Site "Vung Tau VIE"]
[Date "2008.10.23"]
[Round "5"]
[White "Rajapakse, R.M.C.M."]
[Black "Bonafede, Alessandro"]
[Result "1/2-1/2"]
[WhiteElo "2132"]
[BlackElo "2327"]
[PlyCount "80"]
[EventDate "2008.10.20"]

1. Nf3 d6 2. d4 f5 3. c4 Nf6 4. Nc3 g6 5. e3 Bg7 6. Bd3 O-O 7. O-O Nc6 8. d5
Ne5 9. Nxe5 dxe5 10. e4 f4 11. Be2 h5 12. h3 Qe8 13. Nb5 Qd7 14. f3 g5 15. b4
g4 16. hxg4 hxg4 17. Kf2 a6 18. Na3 a5 19. Qb3 b6 20. Rh1 axb4 21. Qxb4 g3+ 22.
Ke1 Ba6 23. Bb2 Qd6 24. Nc2 Kf7 25. Ba3 Nd7 26. Kd2 c5 27. Qb3 Rh8 28. Rxh8
Rxh8 29. Qa4 Bb7 30. Bb2 Ra8 31. Qb3 Qh6 32. a4 Bc8 33. Ra3 Nb8 34. a5 bxa5 35.
Qb5 Qd6 36. Rxa5 Rxa5 37. Qxa5 Nc6 38. Qb6 Nd4 39. Qxd6 exd6 40. Nxd4 exd4
1/2-1/2

[Event "C.to Mondiale U18"]
[Site "Vung Tau VIE"]
[Date "2008.10.26"]
[Round "7"]
[White "Ye, Ling Feng"]
[Black "Bonafede, Alessandro"]
[Result "1/2-1/2"]
[WhiteElo "2188"]
[BlackElo "2327"]
[PlyCount "93"]
[EventDate "2008.10.20"]

1. e4 c5 2. Nf3 Nc6 3. d4 cxd4 4. Nxd4 Nf6 5. Nc3 e5 6. Ndb5 d6 7. Bg5 a6 8.
Na3 b5 9. Bxf6 gxf6 10. Nd5 Bg7 11. c3 f5 12. exf5 Bxf5 13. Nc2 Be6 14. Nce3
Ne7 15. Nxe7 Qxe7 16. Bd3 d5 17. Nf5 Bxf5 18. Bxf5 Rd8 19. O-O Rd6 20. a4 O-O
21. axb5 axb5 22. Qd3 b4 23. Ra6 Rxa6 24. Qxa6 bxc3 25. bxc3 e4 26. Qc6 Qe5 27.
Qd7 Rb8 28. f4 Qxc3 29. Qxd5 e3 30. Qd3 Qc5 31. Kh1 h6 32. Bg4 Rb2 33. h3 Rd2
34. Qe4 Qc3 35. f5 Rf2 36. Rd1 Be5 37. Bf3 Rd2 38. Rf1 Kh8 39. Qa8+ Kg7 40. Qe4
Kh8 41. Bh5 e2 42. Bxe2 Qg3 43. Kg1 Rd4 44. Qa8+ Kg7 45. f6+ Bxf6 46. Qf3 Qxf3
47. Bxf3 1/2-1/2

[Event "C.to Mondiale U18"]
[Site "Vung Tau VIE"]
[Date "2008.10.27"]
[Round "8"]
[White "Bonafede, Alessandro"]
[Black "Kaisar, Jenius Hakiki"]
[Result "1-0"]
[WhiteElo "2327"]
[BlackElo "2189"]
[PlyCount "76"]
[EventDate "2008.10.20"]

1. e4 c5 2. Nf3 d6 3. d4 cxd4 4. Nxd4 Nf6 5. Nc3 e6 6. g4 h6 7. h4 Nc6 8. Rg1
Nd7 9. g5 hxg5 10. hxg5 Nxd4 11. Qxd4 Qb6 12. Qd1 a6 13. a3 Ne5 14. Rg3 Bd7 15.
Be3 Qc7 16. Qd2 Rh1 17. O-O-O Nc4 18. Bxc4 Rxd1+ 19. Qxd1 Qxc4 20. g6 f6 21. f4
b5 22. e5 dxe5 23. fxe5 f5 24. Bg5 a5 25. Qh1 Bc6 26. Qh8 Qf1+ 27. Nd1 Bf3 28.
Rxf3 Qg2 29. Qh5 Rc8 30. Rc3 Rxc3 31. Nxc3 b4 32. axb4 axb4 33. Nd1 b3 34. cxb3
Qe4 35. Qh2 Qg4 36. Qf4 Qxf4+ 37. Bxf4 Kd7 38. Kc2 Kc6 1-0

[Event "C.to Mondiale U18"]
[Site "Vung Tau VIE"]
[Date "2008.10.28"]
[Round "9"]
[White "Delorme, Axel"]
[Black "Bonafede, Alessandro"]
[Result "1-0"]
[WhiteElo "2415"]
[BlackElo "2327"]
[PlyCount "155"]
[EventDate "2008.10.20"]

1. e4 c5 2. Nf3 a6 3. c3 d6 4. h3 Nf6 5. Bd3 g6 6. Bc2 Bg7 7. d4 O-O 8. O-O Nc6
9. Re1 Qc7 10. Bg5 b5 11. Nbd2 h6 12. Be3 Na5 13. Rc1 e5 14. Bd3 Nb7 15. b4 c4
16. Bb1 Nd8 17. a4 Nc6 18. a5 Re8 19. d5 Ne7 20. Nf1 Nh5 21. Qd2 g5 22. h4 f6
23. g3 Ng6 24. Qe2 Bg4 25. N1h2 Qc8 26. hxg5 hxg5 27. Nxg4 Qxg4 28. Nh2 Qh3 29.
Qg4 Qxg4 30. Nxg4 Kf7 31. Kg2 Rh8 32. Bc2 Rh7 33. Bd2 Rah8 34. Rh1 Bf8 35. Rcg1
Be7 36. Rh2 Ng7 37. Rgh1 Rxh2+ 38. Rxh2 Rxh2+ 39. Kxh2 Bd8 40. Nh6+ Ke8 41. Bd1
Ne7 42. Bf3 Kf8 43. Kh3 Ng8 44. Ng4 f5 45. exf5 Nxf5 46. Be4 Ng7 47. Kg2 Kf7
48. Kf3 Bf6 49. Ke2 Ne7 50. Ne3 Ne8 51. Nf5 Nxf5 52. Bxf5 Nc7 53. Be4 Bd8 54.
Kf3 Ne8 55. Bf5 Nc7 56. Ke4 Ne8 57. Be6+ Kg6 58. Kf3 Nf6 59. Ke2 Bc7 60. Bc8
Nxd5 61. Bxa6 Nf6 62. Bxb5 d5 63. Bc6 g4 64. Kd1 Kf5 65. Be3 Ne4 66. a6 Nxc3+
67. Kc2 Bb8 68. a7 Bxa7 69. Bxa7 d4 70. b5 Na2 71. Bd7+ Ke4 72. Bc6+ Kf5 73.
Bc5 d3+ 74. Kd2 e4 75. Ke3 Ke5 76. Bd4+ Kd6 77. Bxe4 Nb4 78. Kd2 1-0

[Event "C.to Mondiale U18"]
[Site "Vung Tau VIE"]
[Date "2008.10.30"]
[Round "11"]
[White "Dang, The Nam"]
[Black "Bonafede, Alessandro"]
[Result "0-1"]
[WhiteElo "2142"]
[BlackElo "2327"]
[PlyCount "66"]
[EventDate "2008.10.20"]

1. e4 c5 2. Nf3 Nc6 3. d4 cxd4 4. Nxd4 Nf6 5. Nc3 e5 6. Ndb5 d6 7. Bg5 a6 8.
Na3 b5 9. Nd5 Be7 10. Nxe7 Nxe7 11. Bxf6 gxf6 12. Qf3 f5 13. Bd3 d5 14. O-O-O
Qb6 15. exd5 e4 16. Qg3 Qh6+ 17. Kb1 f4 18. Bxb5+ axb5 19. Qc3 O-O 20. d6 Nf5
21. g4 Nxd6 22. g5 Qe6 23. Qf6 Ra6 24. c3 e3 25. Qxf4 Qf5+ 26. Qxf5 Bxf5+ 27.
Ka1 exf2 28. h4 Ne4 29. Rh2 Rd6 30. Rc1 Rfd8 31. Nxb5 Rd1 32. Rh1 Rxh1 33. Rxh1
Ng3 0-1

[Event "C.to Mondiale U18 femminile"]
[Site "Vung Tau VIE"]
[Date "2008.10.22"]
[Round "3"]
[White "Messina, Roberta"]
[Black "Shlakich, Anna"]
[Result "1-0"]
[WhiteElo "1949"]
[BlackElo "2203"]
[PlyCount "51"]
[EventDate "2008.10.20"]

1. c4 e5 2. e3 Ne7 3. d3 d5 4. cxd5 Nxd5 5. Nf3 Nc6 6. a3 g5 7. h3 Rg8 8. b4 a6
9. Bb2 Qe7 10. Nbd2 h5 11. d4 Bg7 12. b5 axb5 13. Bxb5 Bd7 14. Bxc6 Bxc6 15.
Nxe5 Bxe5 16. dxe5 O-O-O 17. Rc1 g4 18. Rxc6 bxc6 19. Qa4 Qc5 20. Qa6+ Kd7 21.
Qd3 Ke7 22. e6 Qa5 23. exf7 Nf4 24. fxg8=N+ Rxg8 25. exf4 Rd8 26. Bf6+ 1-0

[Event "C.to Mondiale U18 femminile"]
[Site "Vung Tau VIE"]
[Date "2008.10.22"]
[Round "4"]
[White "Pham, Bich Ngoc"]
[Black "Messina, Roberta"]
[Result "1-0"]
[WhiteElo "2090"]
[BlackElo "1949"]
[PlyCount "91"]
[EventDate "2008.10.20"]

1. c4 b6 2. e4 Bb7 3. Nc3 e6 4. g3 f5 5. Bg2 Nf6 6. d3 fxe4 7. Nxe4 Nxe4 8.
dxe4 Bc5 9. Qh5+ g6 10. Qe2 O-O 11. Nf3 Nc6 12. O-O Nd4 13. Nxd4 Bxd4 14. h4 c5
15. Be3 Qc7 16. Rad1 Qe5 17. Bxd4 cxd4 18. Qd3 d5 19. exd5 exd5 20. Qxd4 Qd6
21. Bxd5+ Bxd5 22. Qxd5+ Qxd5 23. Rxd5 Rf7 24. Rfd1 Raf8 25. R1d2 Rf3 26. Rd7
R8f7 27. Rxf7 Rxf7 28. Kg2 Rc7 29. Rc2 Kf7 30. b4 Ke6 31. f4 Rd7 32. c5 bxc5
33. bxc5 Rc7 34. Kf3 Kd5 35. Kg4 Ke4 36. c6 Kd3 37. Rc1 Kd2 38. Rc5 Ke3 39. Kg5
Kf3 40. Kf6 Ke4 41. Rc1 Kd5 42. g4 Kd6 43. f5 Rc8 44. c7 Rf8+ 45. Kg7 Rc8 46.
f6 1-0

[Event "C.to Mondiale U18 femminile"]
[Site "Vung Tau VIE"]
[Date "2008.10.23"]
[Round "5"]
[White "Messina, Roberta"]
[Black "Esonboeva, Gulruhsor"]
[Result "0-1"]
[WhiteElo "1949"]
[BlackElo "2008"]
[PlyCount "52"]
[EventDate "2008.10.20"]

1. e4 e5 2. Nf3 Nc6 3. d4 exd4 4. Nxd4 Bc5 5. Nb3 Bb6 6. a4 a5 7. c4 d6 8. Nc3
Nge7 9. Nd5 Nxd5 10. cxd5 Qh4 11. Qf3 Nb4 12. g3 Qg4 13. Qe2 Qxe2+ 14. Kxe2 f5
15. f3 fxe4 16. fxe4 Bg4+ 17. Kd2 Bf3 18. Bb5+ c6 19. dxc6 bxc6 20. Rf1 Bg2 21.
Be2 Bxf1 22. Bxf1 Rf8 23. Bd3 Rf2+ 24. Be2 Kd7 25. Rb1 Re8 26. Kd1 Rxe4 0-1

[Event "C.to Mondiale U18 femminile"]
[Site "Vung Tau VIE"]
[Date "2008.10.24"]
[Round "6"]
[White "Jorgensen, Line Jin"]
[Black "Messina, Roberta"]
[Result "0-1"]
[WhiteElo "1946"]
[BlackElo "1949"]
[PlyCount "110"]
[EventDate "2008.10.20"]

1. c4 b6 2. Nc3 Bb7 3. e4 e6 4. g3 f5 5. Bg2 Nf6 6. Nge2 fxe4 7. d3 Bc5 8. O-O
O-O 9. Bg5 Be7 10. dxe4 Nc6 11. e5 Ng4 12. Bxe7 Qxe7 13. Bxc6 Bxc6 14. Qd4 Qg5
15. h3 Nh6 16. f4 Qh5 17. h4 Qg4 18. Qf2 Nf5 19. Kh2 Nh6 20. Nd4 Qg6 21. Nxc6
Ng4+ 22. Kg2 dxc6 23. Qe2 Rad8 24. Rad1 Nh6 25. Rxd8 Rxd8 26. Rd1 Rf8 27. Qf3
Nf5 28. Kh2 c5 29. Rd7 Nd4 30. Qe4 Qg4 31. Qg2 Nf3+ 32. Kh1 Rxf4 33. Rd8+ Kf7
34. Rc8 Qxh4+ 35. gxh4 Rxh4+ 36. Qh3 Rxh3+ 37. Kg2 Ng5 38. Rxc7+ Kg6 39. Rxa7
Re3 40. Rb7 Rxe5 41. Rxb6 Ne4 42. Nxe4 Rxe4 43. Kf3 Rxc4 44. Rxe6+ Kf7 45. Rb6
Rb4 46. Rc6 Rxb2 47. Rc7+ Kg6 48. Rc6+ Kh5 49. Rxc5+ g5 50. Ra5 Kh4 51. Ra4+
Kh3 52. Rg4 h6 53. Rg3+ Kh2 54. Kg4 Rb4+ 55. Kf3 Rf4+ 0-1

[Event "C.to Mondiale U18 femminile"]
[Site "Vung Tau VIE"]
[Date "2008.10.26"]
[Round "7"]
[White "Messina, Roberta"]
[Black "Deur, Zrinka"]
[Result "0-1"]
[WhiteElo "1949"]
[BlackElo "2003"]
[PlyCount "111"]
[EventDate "2008.10.20"]

1. e4 c5 2. Nf3 d6 3. d4 cxd4 4. Nxd4 Nf6 5. f3 g6 6. c4 Bg7 7. Nc3 O-O 8. Be3
Nc6 9. Be2 Bd7 10. O-O Qb6 11. Nc2 Qxb2 12. Nd5 Nxd5 13. cxd5 Nb4 14. Rb1 Qxc2
15. Rxb4 Qc3 16. Bd2 Qc5+ 17. Kh1 b5 18. Rb3 a6 19. Be3 Qc7 20. f4 Rac8 21. Bg4
Bxg4 22. Qxg4 Qc2 23. f5 Rc4 24. fxg6 hxg6 25. Bg5 Qxe4 26. Qg3 Qxd5 27. Bxe7
Rfc8 28. Rbf3 Rc1 29. Bxd6 Rxf1+ 30. Rxf1 Rc3 31. Qf4 g5 32. Qb4 Rc2 33. Qg4
Qxd6 34. Qxg5 Qg6 35. Qd8+ Bf8 36. Qd5 a5 37. h3 b4 38. Qa8 Rxa2 39. Rf4 Ra1+
40. Kh2 Qd6 41. Qf3 Bh6 42. Qg4+ Kh8 43. Qc8+ Qf8 44. Qf5 Bxf4+ 45. Qxf4 Ra3
46. Qh4+ Kg8 47. Qg5+ Qg7 48. Qd8+ Kh7 49. Qh4+ Qh6 50. Qe4+ Qg6 51. Qh4+ Kg7
52. Qd4+ f6 53. Qd7+ Kh6 54. Qd4 Qg3+ 55. Kh1 Qe1+ 56. Kh2 0-1

[Event "C.to Mondiale U18 femminile"]
[Site "Vung Tau VIE"]
[Date "2008.10.27"]
[Round "8"]
[White "Roos, Ezet"]
[Black "Messina, Roberta"]
[Result "1-0"]
[WhiteElo "1723"]
[BlackElo "1949"]
[PlyCount "101"]
[EventDate "2008.10.20"]

1. e4 c5 2. Nf3 d6 3. d4 cxd4 4. Nxd4 Nf6 5. Nc3 a6 6. Be2 e6 7. O-O Be7 8. a4
Qc7 9. Be3 Nc6 10. Kh1 O-O 11. f4 Bd7 12. Nb3 b6 13. Bf3 Rab8 14. Qe2 Bc8 15.
g4 Rd8 16. g5 Ne8 17. Rad1 Na5 18. Bg2 Qc4 19. Nxa5 Qxe2 20. Nxe2 bxa5 21. b3
Bb7 22. Ng3 Rdc8 23. Rf2 Nc7 24. Bd2 d5 25. Bxa5 dxe4 26. Bxe4 Nd5 27. c4 Bc5
28. Rf3 Ne3 29. Rd3 Nf5 30. Bxb7 Nxg3+ 31. hxg3 Rxb7 32. Kg2 Be7 33. Bd2 Kf8
34. f5 e5 35. Rd5 e4 36. Rc3 Rcb8 37. c5 Rxb3 38. Rxb3 Rxb3 39. c6 Rb8 40. Bb4
Rc8 41. c7 Ke8 42. Re5 Rxc7 43. f6 gxf6 44. gxf6 Rc2+ 45. Kh3 Rc4 46. Rxe7+ Kd8
47. Ba5+ Kc8 48. Rxf7 Rxa4 49. Rc7+ Kb8 50. Rxh7 Rxa5 51. f7 1-0

[Event "C.to Mondiale U18 femminile"]
[Site "Vung Tau VIE"]
[Date "2008.10.29"]
[Round "10"]
[White "Karayaylali, Pinar"]
[Black "Messina, Roberta"]
[Result "1/2-1/2"]
[WhiteElo "1625"]
[BlackElo "1949"]
[PlyCount "59"]
[EventDate "2008.10.20"]

1. e4 c5 2. Nf3 d6 3. d4 cxd4 4. Nxd4 Nf6 5. Nc3 a6 6. Be2 e6 7. O-O Be7 8. a4
O-O 9. Be3 Nc6 10. Kh1 Qc7 11. f4 Re8 12. Bf3 Rb8 13. g4 Nd7 14. Nb3 b6 15. Bg2
Bb7 16. Qe2 Nc5 17. Nd2 Nb4 18. Rac1 d5 19. e5 Rbd8 20. Nf3 Nc6 21. Nd4 f6 22.
exf6 Bxf6 23. Qf2 Qd7 24. g5 Be7 25. b3 Kh8 26. Rce1 Rf8 27. Qe2 a5 28. Ncb5
Nxd4 29. Bxd4 Ba6 30. Bxc5 1/2-1/2

[Event "C.to Mondiale U18 femminile"]
[Site "Vung Tau VIE"]
[Date "2008.10.30"]
[Round "11"]
[White "Messina, Roberta"]
[Black "Palkova, Katerina"]
[Result "0-1"]
[WhiteElo "1949"]
[BlackElo "2057"]
[PlyCount "66"]
[EventDate "2008.10.20"]

1. e4 c5 2. Nf3 a6 3. d4 cxd4 4. Nxd4 Nf6 5. f3 e5 6. Nf5 d5 7. Bd3 Bxf5 8.
exf5 Qb6 9. Qe2 Nc6 10. Nc3 Bb4 11. Bd2 O-O-O 12. O-O-O Rhe8 13. Rhe1 d4 14.
Ne4 Nd5 15. Bxb4 Ncxb4 16. Bc4 Nf4 17. Qf1 Qc6 18. Bb3 d3 19. c3 d2+ 20. Rxd2
Rxd2 21. Kxd2 Rd8+ 22. Kc1 Nbd3+ 23. Kb1 Nxe1 24. Qxe1 Qd7 25. Bc2 g6 26. Nf6
Qd2 27. Qf1 Nxg2 28. Qc4+ Kb8 29. Qe4 Qe1+ 30. Qxe1 Nxe1 31. fxg6 hxg6 32. Ng4
Nxf3 33. Be4 Nd2+ 0-1